000 00540nam a2200229Ia 4500
003 OSt
005 20221005124335.0
006 a|||||r|||| 00| 0
007 ta
008 221004b |||||||| |||| 00| 0 eng d
024 _a59480
037 _cTextual
040 _aCRL
_cCRL
_beng
041 _2eng
_aeng
082 _aU8:663g, J3
100 _aWarne O H Ed.
_9635056
245 0 _aMorocco
260 _c1953
650 _aGEOGRAPHY
942 _hU8:663g, J3
_cTEXL
_2cc
999 _c1050175
_d1050175